[Event "FIDE Chesscom Grand Swiss 2019"]
[Site "Douglas-Isle of Man"]
[Date "2019.10.19"]
[Round "9.10"]
[White "Saduakassova, Dinara"]
[Black "Oparin, Grigoriy"]
[Result "0-1"]
[WhiteElo "2481"]
[BlackElo "2654"]
[Annotator "RC"]
[PlyCount "68"]
[EventDate "2019.10.10"]
[EventType "swiss"]
[EventCountry "GBR"]
[SourceTitle "playchess.com"]
[Source "ChessBase"]
[SourceQuality "1"]
[TimeControl "40/6000+30:20/3000+30:900+30"]

1. d4 {[%emt 0:00:00]} Nf6 {[%emt 0:00:00]} 2. c4 {[%emt 0:00:00]} e6 {[%emt 0:00:00]} 3. Nf3 {[%emt 0:00:00]} b6 {[%emt 0:00:00]} 4. g3 {[%emt 0:00:00]} Ba6 {[%emt 0:00:00]} 5. Qc2 {[%emt 0:00:26]} d5 {[%emt 0:09:23]} 6. cxd5 {[%emt 0:01:05]} exd5 {[%emt 0:00:30]} 7. Nc3 {[%emt 0:06:00]} c6 {[%emt 0:03:57]} 8. Bg2 {[%emt 0:05:02]} Bb4 {[%emt 0:06:14]} 9. O-O {[%emt 0:02:50]} O-O {[%emt 0:00:10]} 10. Ne5 {[%emt 0:05:21]} Re8 {[%emt 0:06:48]} 11. Bf4 {[%emt 0:03:59]} Bxc3 {[%emt 0:09:42]} 12. bxc3 {[%emt 0:04:31]} Qc8 {[%emt 0:00:43]} 13. c4 {[%emt 0:04:39]} Qe6 {[%emt 0:09:22]} 14. Rfc1 {[%emt 0:11:25]} Nbd7 {[%emt 0:07:54]} 15. cxd5 {[%emt 0:10:11]} cxd5 {[%emt 0:00:06]} 16. Bf3 {[%emt 0:01:18]} Nxe5 {[%emt 0:09:11]} 17. dxe5 {[%emt 0:03:26]} Nd7 {[%emt 0:00:43]} 18. Qd2 {[%emt 0:05:37]} Bc4 {[%emt 0:02:36]} 19. e4 {[%emt 0:07:09]} dxe4 {[%emt 0:03:45]} 20. Bxe4 {[%emt 0:00:26]} Rac8 {[%emt 0:01:17]} 21. Re1 {[%emt 0:08:12]} Nc5 {[%emt 0:01:12]} 22. Bg2 {[%emt 0:04:31]} Red8 {[%emt 0:00:56]} 23. Qc2 {[%emt 0:00:27]} Nd3 {[%emt 0:02:04]} 24. Red1 {[%emt 0:00:16]} Nxf4 {[%emt 0:03:24]} 25. Rxd8+ {[%emt 0:06:24]} Rxd8 {[%emt 0:00:17]} 26. gxf4 {[%emt 0:00:03]} g6 {[%emt 0:01:39]} 27. Rd1 {[%emt 0:06:57]} Rxd1+ {[%emt 0:01:37]} 28. Qxd1 {[%emt 0:00:03]} Bxa2 {[%emt 0:00:13]} 29. Qd8+ {[%emt 0:04:07]} Kg7 {[%emt 0:00:05]} 30. h4 {[%emt 0:05:02]} h5 {[%emt 0:01:10]} 31. Kh2 {[%emt 0:01:31]} Qf5 {[%emt 0:00:23]} 32. Qd4 {[%emt 0:00:04]} Be6 {[%emt 0:00:04]} 33. Kg1 {[%emt 0:02:28]} Qg4 {[%emt 0:01:00]} 34. Kf1 {[%emt 0:01:04]} Qxh4 {[%emt 0:01:35]} 0-1

[Event "FIDE Chesscom Grand Swiss 2019"]
[Site "Douglas-Isle of Man"]
[Date "2019.10.19"]
[Round "9.11"]
[White "Robson, Ray"]
[Black "Svidler, Peter"]
[Result "1/2-1/2"]
[WhiteElo "2670"]
[BlackElo "2729"]
[Annotator "TA"]
[PlyCount "94"]
[EventDate "2019.10.10"]
[EventType "swiss"]
[EventCountry "GBR"]
[SourceTitle "playchess.com"]
[Source "ChessBase"]
[SourceQuality "1"]

{[%evp 9,94,17,0,0,6,20,10,0,0,-15,0,-9,2,-8,0,0,0,2,26,0,0,4,0,3,4,0,0,0,0,0,0,0,0,-66,-70,-73,-66,-107,-105,-97,-57,-57,-56,-58,-32,-32,-39,-70,-67,-72,-69,-68,-22,-44,-44,-44,-30,-29,-21,-44,-44,-44,-25,-44,-44,-82,-44,-44,-44,-44,-20,-20,0,0,0,-8,-8,-8,-8,-8,-8,-8,0,0,0,-8,0]} 1. e4 c6 2. d4 d5 3. e5 c5 4. dxc5 e6 5. a3 (5. Bd3 Bxc5 6. Qg4 Ne7 7. b4 h5 8. Qf4 Bb6 9. Nf3 Nbc6 10. Nbd2 a5 11. b5 Nb4 12. Ba3 Nxd3+ 13. cxd3 {1-0 (25) Dominguez Perez,L (2760)-Nepomniachtchi,I (2775) Dortmund 2019}) 5... Bxc5 6. Nf3 {B12: Caro-Kann: Advance Variation} Ne7 7. Bd3 Ng6 8. b4 Be7 9. Bb2 a5 10. b5 a4 11. O-O Nf4 $146 ({Predecessor:} 11... Nd7 12. Re1 Nc5 13. Bf1 {1-0 (35) Alekseenko,K (2644)-Halkias,S (2552) Skopje 2019}) 12. c4 Nd7 13. cxd5 Nc5 14. d6 {[#] And now Bc4 would win.} (14. Bc2 $5 {[%cal Rd5d6]} Nxd5 15. Nc3 $11) 14... Nfxd3 15. dxe7 Qxe7 16. Bd4 b6 17. Nbd2 {[%cal Bb1d2,Bd2c4,Bc4d6][%mdl 32]} Bb7 18. Nc4 O-O $1 19. Bxc5 ({But not} 19. Nxb6 Rad8 $17) 19... Nxc5 20. Qd6 $1 {[%cal Rd6e7]} ({Of course not} 20. Nxb6 Rad8 $17) 20... Qxd6 21. Nxd6 (21. exd6 $11 Bxf3 22. gxf3) 21... Bxf3 $1 $15 22. gxf3 f6 23. exf6 Rxf6 24. Ne4 Rxf3 25. Nxc5 bxc5 $17 {[%mdl 4096] Endgame KRR-KRR} 26. Rfc1 Rc8 {White must now prevent ...c4.} 27. Rc4 Rb3 28. Rxa4 Rxb5 29. Ra6 Kf7 {Threatens to win with ...c4.} 30. Re1 Rb3 (30... c4 $5 {[%cal Rc4c3]} 31. Rexe6 c3 $17) 31. Raxe6 Rxa3 32. Re7+ Kf8 33. Rb7 Ra6 34. Ree7 Rg6+ 35. Kf1 h6 36. Rf7+ Kg8 37. Rfc7 Rxc7 (37... Ra8 {with more complications.} 38. Rb1 Ra3 39. Rxc5 Rh3 40. Rbb5 Rxh2 41. Ke2 Kh7) 38. Rxc7 {KR-KR} Rg5 39. f4 Rf5 40. Kg2 {The position is equal.} Kh7 41. Kf3 Kg6 42. Ke4 Rh5 43. f5+ Kf6 {Threatening ...Rh4+.} 44. Rc6+ Kf7 45. Rxc5 Rxh2 46. Rc7+ Kg8 47. f6 gxf6 {Accuracy: White = 64%, Black = 55%.} 1/2-1/2

[Event "FIDE Chesscom Grand Swiss 2019"]
[Site "Douglas-Isle of Man"]
[Date "2019.10.19"]
[Round "9.11"]
[White "Sadhwani, Raunak"]
[Black "Motylev, Alexander"]
[Result "1-0"]
[WhiteElo "2479"]
[BlackElo "2651"]
[Annotator "ChessBase"]
[PlyCount "73"]
[EventDate "2019.10.10"]
[EventType "swiss"]
[EventCountry "GBR"]
[SourceTitle "playchess.com"]
[Source "ChessBase"]
[SourceQuality "1"]
[TimeControl "40/6000+30:20/3000+30:900+30"]

1. c4 {[%emt 0:00:00]} e5 {[%emt 0:00:00]} 2. Nc3 {[%emt 0:00:00]} Nf6 {[%emt 0:00:00]} 3. Nf3 {[%emt 0:00:00]} Nc6 {[%emt 0:00:00]} 4. e4 {[%emt 0:00:00]} Bb4 {[%emt 0:00:22]} 5. d3 {[%emt 0:00:00]} d6 {[%emt 0:00:10]} 6. h3 {[%emt 0:00:06]} a6 {[%emt 0:03:52]} 7. a3 {[%emt 0:02:16]} Bc5 {[%emt 0:00:40]} 8. g3 {[%emt 0:03:23]} h6 {[%emt 0:12:02]} 9. Bg2 {[%emt 0:00:19]} Be6 {[%emt 0:02:22]} 10. O-O {[%emt 0:08:01]} g5 {[%emt 0:06:56]} 11. Ne1 {[%emt 0:08:46]} Nd4 {[%emt 0:03:58]} 12. Be3 {[%emt 0:02:28]} b5 {[%emt 0:13:08]} 13. cxb5 {[%emt 0:09:09]} Qd7 {[%emt 0:02:31]} 14. Bxd4 {[%emt 0:06:43]} Bxd4 {[%emt 0:00:35]} 15. Nc2 {[%emt 0:04:32]} Bb6 {[%emt 0:17:12]} 16. bxa6 {[%emt 0:10:53]} Bxh3 {[%emt 0:03:21]} 17. Qf3 {[%emt 0:00:57]} Qe6 {[%emt 0:14:27]} 18. d4 {[%emt 0:04:25]} Bg4 {[%emt 0:03:46]} 19. Qd3 {[%emt 0:01:54]} h5 {[%emt 0:01:30]} 20. a4 {[%emt 0:07:19]} h4 {[%emt 0:06:10]} 21. a5 {[%emt 0:00:14]} h3 {[%emt 0:02:18]} 22. Bf3 {[%emt 0:15:31]} h2+ {[%emt 0:03:51]} 23. Kg2 {[%emt 0:03:21]} Bh3+ {[%emt 0:02:20]} 24. Kh1 {[%emt 0:00:05]} Bxf1 {[%emt 0:00:14]} 25. Qxf1 {[%emt 0:00:30]} Ba7 {[%emt 0:02:06]} 26. Nb5 {[%emt 0:08:23]} Qd7 {[%emt 0:02:44]} 27. dxe5 {[%emt 0:02:41]} dxe5 {[%emt 0:02:40]} 28. Rd1 {[%emt 0:01:05]} Qc6 {[%emt 0:01:14]} 29. Rc1 {[%emt 0:02:30]} Nxe4 {[%emt 0:00:52]} 30. Bxe4 {[%emt 0:01:27]} Qxe4+ {[%emt 0:00:28]} 31. f3 {[%emt 0:00:02]} Qa4 {[%emt 0:02:31]} 32. Nxc7+ {[%emt 0:02:07]} Ke7 {[%emt 0:00:01]} 33. Qe2 {[%emt 0:02:18]} Qxa5 {[%emt 0:00:28]} 34. Nb4 {[%emt 0:00:52]} Kf8 {[%emt 0:01:37]} 35. Nxa8 {[%emt 0:00:22]} Kg7 {[%emt 0:00:32]} 36. Nc6 {[%emt 0:00:36]} Qd5 {[%emt 0:00:15]} 37. Nc7 {[%emt 0:00:19]} 1-0

[Event "FIDE Chesscom Grand Swiss 2019"]
[Site "Douglas-Isle of Man"]
[Date "2019.10.19"]
[Round "9.12"]
[White "Le, Quang Liem"]
[Black "Hovhannisyan, Robert"]
[Result "1/2-1/2"]
[WhiteElo "2708"]
[BlackElo "2639"]
[Annotator "TA"]
[PlyCount "93"]
[EventDate "2019.10.10"]
[EventType "swiss"]
[EventCountry "GBR"]
[SourceTitle "playchess.com"]
[Source "ChessBase"]
[SourceQuality "1"]

{[%evp 13,93,19,19,24,28,23,25,0,10,0,26,14,18,14,6,7,20,9,15,4,21,4,1,0,0,-15,0,0,0,0,0,0,0,0,0,0,0,0,0,0,12,0,0,0,0,0,6,0,18,18,18,0,0,0,0,0,0,0,0,0,0,0,0,0,0,0,8,8,8,8,8,8,8,8,8,8,8,8,8,8,8,0]} 1. d4 d5 2. Nf3 Nf6 3. c4 c6 4. e3 Bg4 5. h3 Bh5 6. Nc3 e6 7. g4 Bg6 8. Ne5 {D11: Slav Defence: 3 Nf3 sidelines and 3...Nf6 4 e3 Bg4} Nbd7 9. Nxg6 hxg6 10. Bd2 {White has an edge.} (10. g5 Ng8 11. h4 Bb4 12. Qb3 Bxc3+ 13. bxc3 Ne7 14. Ba3 Nb6 15. Bxe7 Qxe7 {½-½ (85) Ding,L (2774)-Carlsen,M (2837) Saint Louis 2017}) 10... Bb4 11. cxd5 Nxd5 12. e4 (12. Bg2 {with more complications.} g5 13. O-O Be7 14. Qf3 O-O 15. Rfd1) 12... Nxc3 {The position is equal.} 13. bxc3 Ba5 14. Bg2 {[#]} e5 $146 ({Predecessor:} 14... c5 15. Rb1 b6 {½-½ (49) Ivanchuk,V (2715)-Saric,I (2666) Wijk aan Zee 2015}) 15. O-O O-O 16. f4 exf4 17. Rxf4 c5 18. Kh1 Rc8 19. Rf2 Bb6 20. Bf4 cxd4 21. cxd4 Rc4 22. Rd2 Re8 23. Rc1 Rxc1 24. Qxc1 Nf8 25. Be3 Ne6 26. e5 Re7 {[%cal Rb6d4]} ({Avoid the trap} 26... Bxd4 $2 27. Bxd4 Nxd4 28. Qc5 $18) 27. Qa3 Bxd4 {[#]} 28. Rxd4 $1 {[%mdl 512]} Nxd4 29. Bxd4 Rd7 30. Bc5 ({Don't go for} 30. Bxa7 $2 b6 $19) 30... Rd3 31. Qxa7 Qh4 32. Bf2 Rxh3+ 33. Bxh3 Qxh3+ 34. Kg1 {[#] aiming for Qa4.} Qxg4+ 35. Kh2 Qe2 36. Qb8+ Kh7 37. Kg3 Qd3+ 38. Kg2 Qd5+ 39. Kg1 Qxa2 40. Qxb7 Qa1+ 41. Kg2 Qxe5 42. Qxf7 Qe4+ 43. Kh2 Qe5+ 44. Bg3 Qe2+ 45. Kg1 Qd1+ 46. Kg2 Qe2+ 47. Kg1 {Accuracy: White = 55%, Black = 70%.} 1/2-1/2

[Event "FIDE Chesscom Grand Swiss 2019"]
[Site "Douglas-Isle of Man"]
[Date "2019.10.19"]
[Round "9.12"]
[White "Papaioannou, Ioannis"]
[Black "Yilmaz, Mustafa"]
[Result "1/2-1/2"]
[WhiteElo "2645"]
[BlackElo "2595"]
[Annotator "ChessBase"]
[PlyCount "79"]
[EventDate "2019.10.10"]
[EventType "swiss"]
[EventCountry "GBR"]
[SourceTitle "playchess.com"]
[Source "ChessBase"]
[SourceQuality "1"]
[TimeControl "40/6000+30:20/3000+30:900+30"]

1. d4 {[%emt 0:00:00]} Nf6 {[%emt 0:01:15]} 2. c4 {[%emt 0:00:00]} e6 {[%emt 0:00:22]} 3. g3 {[%emt 0:00:00]} d5 {[%emt 0:00:18]} 4. Bg2 {[%emt 0:00:05]} dxc4 {[%emt 0:00:09]} 5. Nf3 {[%emt 0:00:14]} c5 {[%emt 0:00:08]} 6. O-O {[%emt 0:00:18]} Nc6 {[%emt 0:00:04]} 7. dxc5 {[%emt 0:01:00]} Qxd1 {[%emt 0:00:06]} 8. Rxd1 {[%emt 0:00:05]} Bxc5 {[%emt 0:00:05]} 9. Nbd2 {[%emt 0:00:12]} c3 {[%emt 0:00:05]} 10. bxc3 {[%emt 0:00:05]} O-O {[%emt 0:00:12]} 11. Nb3 {[%emt 0:00:24]} Be7 {[%emt 0:00:05]} 12. Nfd4 {[%emt 0:03:06]} Nxd4 {[%emt 0:01:27]} 13. cxd4 {[%emt 0:00:16]} Nd5 {[%emt 0:00:07]} 14. Bd2 {[%emt 0:02:07]} f5 {[%emt 0:01:00]} 15. Na5 {[%emt 0:04:05]} b6 {[%emt 0:04:24]} 16. Nc6 {[%emt 0:01:44]} Bf6 {[%emt 0:00:08]} 17. e3 {[%emt 0:09:38]} Bb7 {[%emt 0:01:44]} 18. Nb4 {[%emt 0:01:03]} Rab8 {[%emt 0:03:50]} 19. a4 {[%emt 0:07:59]} Rfd8 {[%emt 0:03:42]} 20. a5 {[%emt 0:05:36]} Nxb4 {[%emt 0:00:06]} 21. Bxb4 {[%emt 0:00:21]} Bxg2 {[%emt 0:00:21]} 22. Kxg2 {[%emt 0:00:05]} e5 {[%emt 0:00:15]} 23. dxe5 {[%emt 0:10:26]} Bxe5 {[%emt 0:03:49]} 24. Rac1 {[%emt 0:00:26]} Rxd1 {[%emt 0:03:23]} 25. Rxd1 {[%emt 0:00:05]} bxa5 {[%emt 0:00:16]} 26. Bxa5 {[%emt 0:00:27]} a6 {[%emt 0:01:02]} 27. Rd7 {[%emt 0:02:59]} Rb5 {[%emt 0:02:08]} 28. Bd2 {[%emt 0:01:19]} Rb6 {[%emt 0:03:19]} 29. Ra7 {[%emt 0:01:26]} h5 {[%emt 0:07:23]} 30. Ba5 {[%emt 0:02:07]} Rc6 {[%emt 0:02:24]} 31. h3 {[%emt 0:02:33]} Rc4 {[%emt 0:05:18]} 32. Bd8 {[%emt 0:02:57]} Ra4 {[%emt 0:10:28]} 33. Rd7 {[%emt 0:12:47]} Rb4 {[%emt 0:07:55]} 34. Ra7 {[%emt 0:04:36]} Ra4 {[%emt 0:01:43]} 35. Kf3 {[%emt 0:00:29]} Kh7 {[%emt 0:03:32]} 36. Bb6 {[%emt 0:07:25]} h4 {[%emt 0:03:12]} 37. Bd4 {[%emt 0:03:34]} Bxd4 {[%emt 0:00:20]} 38. exd4 {[%emt 0:00:04]} hxg3 {[%emt 0:00:47]} 39. fxg3 {[%emt 0:00:05]} Rxd4 {[%emt 0:01:00]} 40. Rxa6 {[%emt 0:00:05]} 1/2-1/2

[Event "FIDE Chesscom Grand Swiss 2019"]
[Site "Douglas-Isle of Man"]
[Date "2019.10.19"]
[Round "9.13"]
[White "Kryvoruchko, Yuriy"]
[Black "Xiong, Jeffery"]
[Result "1/2-1/2"]
[WhiteElo "2669"]
[BlackElo "2708"]
[Annotator "TA"]
[PlyCount "64"]
[EventDate "2019.10.10"]
[EventType "swiss"]
[EventCountry "GBR"]
[SourceTitle "playchess.com"]
[Source "ChessBase"]
[SourceQuality "1"]

{[%evp 12,64,27,25,35,26,28,22,26,26,37,30,29,29,35,20,26,26,44,17,15,27,46,39,34,27,23,29,25,34,50,52,48,27,34,4,7,9,9,16,11,2,14,0,0,0,0,0,0,-106,0,0,0,0,0]} 1. e4 e5 2. Nf3 Nc6 3. Bb5 Nf6 4. O-O Nxe4 5. Re1 Nd6 6. Nxe5 Be7 7. Bf1 Nf5 {C67: Ruy Lopez: Berlin Defence: 4 0-0 Nxe4} (7... Nxe5 8. Rxe5 O-O 9. d4 Bf6 10. Re1 Re8 11. c3 Rxe1 12. Qxe1 Qe8 13. Qxe8+ Nxe8 14. Bf4 d5 15. Nd2 Be7 16. Re1 Kf8 17. Bd3 Bd6 18. Bxd6+ Nxd6 {½-½ (25) Mamedyarov,S (2767)-Radjabov,T (2758) Khanty-Mansiysk 2019}) 8. Nf3 O-O 9. d4 d5 10. c3 Bd6 11. Bd3 Re8 12. Rxe8+ Qxe8 13. Na3 a6 14. Nc2 h6 $146 ({Predecessor:} 14... f6 15. b3 {½-½ (26) Garcia Pantoja,R (2534)-Mitkov,N (2481) Cartagena 2019}) 15. Nfe1 Nce7 16. g3 f6 17. Ng2 {[#] Black must now prevent g4.} g5 18. f4 Ng7 19. fxg5 fxg5 20. Nce3 Kh8 21. Bd2 Be6 22. Qe2 Qh5 23. Qf2 Ng8 24. Rf1 Rf8 25. Qe1 Nf6 26. Qb1 Qh3 27. Rf2 Ngh5 {...Bxg3! is the strong threat.} 28. Nf1 Rg8 {[%cal Bf8g8,Bg8e8,Be8e2][%mdl 32]} 29. Qe1 Bd7 30. c4 {[#]} (30. Qd1 $11 {remains equal.}) 30... dxc4 ({Black should try} 30... Ng4 $1 $17 {[%cal Rg4f2]} 31. Rf7 Re8) 31. Bxc4 $11 Re8 32. Re2 Rxe2 {Accuracy: White = 48%, Black = 63%.} 1/2-1/2

[Event "FIDE Chesscom Grand Swiss 2019"]
[Site "Douglas-Isle of Man"]
[Date "2019.10.19"]
[Round "9.13"]
[White "Nihal Sarin"]
[Black "Chigaev, Maksim"]
[Result "0-1"]
[WhiteElo "2610"]
[BlackElo "2644"]
[Annotator "ChessBase"]
[PlyCount "126"]
[EventDate "2019.10.10"]
[EventType "swiss"]
[EventCountry "GBR"]
[SourceTitle "playchess.com"]
[Source "ChessBase"]
[SourceQuality "1"]
[TimeControl "40/6000+30:20/3000+30:900+30"]

1. d4 {[%emt 0:02:50]} Nf6 {[%emt 0:00:00]} 2. c4 {[%emt 0:00:04]} g6 {[%emt 0:00:00]} 3. Nc3 {[%emt 0:00:04]} d5 {[%emt 0:00:00]} 4. cxd5 {[%emt 0:03:09]} Nxd5 {[%emt 0:00:07]} 5. e4 {[%emt 0:00:06]} Nxc3 {[%emt 0:00:04]} 6. bxc3 {[%emt 0:00:05]} Bg7 {[%emt 0:00:05]} 7. Qa4+ {[%emt 0:00:20]} Nd7 {[%emt 0:00:06]} 8. Nf3 {[%emt 0:00:18]} O-O {[%emt 0:00:08]} 9. Be2 {[%emt 0:00:02]} Nb6 {[%emt 0:00:06]} 10. Qa3 {[%emt 0:03:52]} Qd6 {[%emt 0:01:11]} 11. O-O {[%emt 0:02:36]} Be6 {[%emt 0:00:59]} 12. Re1 {[%emt 0:13:54]} Qxa3 {[%emt 0:01:40]} 13. Bxa3 {[%emt 0:00:20]} Rfe8 {[%emt 0:00:09]} 14. Nd2 {[%emt 0:22:51]} c6 {[%emt 0:06:15]} 15. Nb3 {[%emt 0:20:39]} Bxb3 {[%emt 0:21:53]} 16. axb3 {[%emt 0:00:21]} e5 {[%emt 0:00:06]} 17. dxe5 {[%emt 0:13:31]} Bxe5 {[%emt 0:00:57]} 18. Rac1 {[%emt 0:04:19]} Bf4 {[%emt 0:04:20]} 19. Rcd1 {[%emt 0:00:43]} Rxe4 {[%emt 0:00:42]} 20. Bf3 {[%emt 0:01:01]} Rxe1+ {[%emt 0:01:37]} 21. Rxe1 {[%emt 0:00:01]} Bh6 {[%emt 0:00:37]} 22. Rd1 {[%emt 0:03:30]} Bf8 {[%emt 0:27:27]} 23. Bc1 {[%emt 0:00:16]} Bg7 {[%emt 0:01:36]} 24. c4 {[%emt 0:08:27]} a5 {[%emt 0:00:36]} 25. c5 {[%emt 0:01:47]} Nd5 {[%emt 0:01:35]} 26. Bxd5 {[%emt 0:00:55]} cxd5 {[%emt 0:00:06]} 27. Rxd5 {[%emt 0:00:03]} a4 {[%emt 0:01:30]} 28. bxa4 {[%emt 0:00:08]} Rxa4 {[%emt 0:00:12]} 29. Rd8+ {[%emt 0:05:31]} Bf8 {[%emt 0:00:06]} 30. Bb2 {[%emt 0:00:08]} Rb4 {[%emt 0:00:36]} 31. Rd2 {[%emt 0:00:10]} f5 {[%emt 0:00:35]} 32. g3 {[%emt 0:00:30]} Bxc5 {[%emt 0:00:30]} 33. Kg2 {[%emt 0:00:01]} Kf7 {[%emt 0:01:51]} 34. h4 {[%emt 0:00:58]} b6 {[%emt 0:00:24]} 35. Be5 {[%emt 0:00:26]} Ra4 {[%emt 0:01:47]} 36. f4 {[%emt 0:01:34]} Ra7 {[%emt 0:00:12]} 37. Rd8 {[%emt 0:00:49]} Rb7 {[%emt 0:01:01]} 38. Kf3 {[%emt 0:00:38]} Bf8 {[%emt 0:00:52]} 39. g4 {[%emt 0:01:04]} b5 {[%emt 0:09:17]} 40. h5 {[%emt 0:00:44]} fxg4+ {[%emt 0:02:18]} 41. Kxg4 {[%emt 0:50:32]} gxh5+ {[%emt 0:51:14]} 42. Kxh5 {[%emt 0:00:00]} b4 {[%emt 0:00:00]} 43. Kg4 {[%emt 0:00:00]} b3 {[%emt 0:00:00]} 44. Bb2 {[%emt 0:00:00]} Bg7 {[%emt 0:00:00]} 45. Bc1 {[%emt 0:00:00]} b2 {[%emt 0:00:00]} 46. Bxb2 {[%emt 0:00:00]} Bxb2 {[%emt 0:00:00]} 47. Rd5 {[%emt 0:00:00]} Bf6 {[%emt 0:00:00]} 48. Ra5 {[%emt 0:00:00]} Kg6 {[%emt 0:00:00]} 49. Rc5 {[%emt 0:00:00]} Rb1 {[%emt 0:00:00]} 50. f5+ {[%emt 0:00:00]} Kh6 {[%emt 0:00:00]} 51. Rc7 {[%emt 0:00:00]} Rb4+ {[%emt 0:00:00]} 52. Kf3 {[%emt 0:00:00]} Rh4 {[%emt 0:00:00]} 53. Rf7 {[%emt 0:00:00]} Kg5 {[%emt 0:00:00]} 54. Kg3 {[%emt 0:00:00]} h5 {[%emt 0:00:00]} 55. Ra7 {[%emt 0:00:00]} Be5+ {[%emt 0:00:00]} 56. Kg2 {[%emt 0:00:00]} Kxf5 {[%emt 0:00:00]} 57. Ra5 {[%emt 0:00:00]} Rh2+ {[%emt 0:00:00]} 58. Kg1 {[%emt 0:00:00]} Rd2 {[%emt 0:00:00]} 59. Ra4 {[%emt 0:00:00]} Bf4 {[%emt 0:00:00]} 60. Ra3 {[%emt 0:00:00]} Kg4 {[%emt 0:00:00]} 61. Kh1 {[%emt 0:00:00]} Be5 {[%emt 0:00:00]} 62. Rb3 {[%emt 0:00:00]} h4 {[%emt 0:00:00]} 63. Rb1 {[%emt 0:04:14]} Kh3 {[%emt 0:00:00]} 0-1

[Event "FIDE Chesscom Grand Swiss 2019"]
[Site "Douglas-Isle of Man"]
[Date "2019.10.19"]
[Round "9.14"]
[White "Kasimdzhanov, Rustam"]
[Black "Howell, David W L"]
[Result "0-1"]
[WhiteElo "2657"]
[BlackElo "2694"]
[Annotator "TA"]
[PlyCount "70"]
[EventDate "2019.10.10"]
[EventType "swiss"]
[EventCountry "GBR"]
[SourceTitle "playchess.com"]
[Source "ChessBase"]
[SourceQuality "1"]

{[%evp 10,100,21,18,23,17,26,26,42,16,20,23,28,23,29,30,29,28,21,22,31,-2,0,-45,-8,0,0,-14,-8,-18,-10,-13,19,0,0,-18,0,-64,-33,-29,-8,-25,-22,-40,-34,-148,-113,-374,-397,-378,-388,-388,-350,-518,-243,-461,-364,-694,0,-514,-512,-506,-506,-1101,-1081,-29988,-29987,-29987,-29988,-29988,-1074,-1066,-997,-931,-1009,-967,-963,-939,-632,-558,-579,-945,-896,-792,-805,-723,-607,-637,-589,-534,-525,-29993,-29994]} 1. e4 c6 2. d4 d5 3. e5 Bf5 4. Nd2 e6 5. Nb3 Nd7 6. Nf3 Ne7 {B12: Caro-Kann: Advance Variation} 7. Be2 h6 8. O-O g5 {White has an edge.} 9. a4 Bg7 10. a5 Qc7 (10... O-O 11. c3 Qc7 12. h4 g4 13. Ne1 h5 14. Nd3 Ng6 {0-1 (47) Alekseenko,K (2668)-Artemiev,V (2757) Izhevsk 2019}) 11. Bd2 f6 12. exf6 Bxf6 13. Ne1 O-O-O 14. Nd3 Kb8 15. Ra4 $146 {Hoping for Ndc5.} ({Predecessor:} 15. Bg4) 15... Bxd3 16. cxd3 Nf5 (16... h5 $5) 17. Bg4 h5 18. Bxf5 $1 exf5 19. a6 b6 20. Re1 h4 21. Qf3 f4 22. h3 Rde8 23. Rc1 (23. Raa1 $11) 23... Re6 24. Raa1 Qd6 25. Rc2 Ka8 26. Bc3 Rhe8 27. Kh2 {[#]} (27. Rcc1 $15) 27... Bd8 $1 $17 28. Ra4 $2 {[%mdl 8192]} (28. Kg1 $17 {is a better defense.}) 28... Nf6 $19 29. Bb4 Qd7 30. Ra1 Bc7 31. Rac1 (31. Kg1 {was worth a try.} Bd6 32. Bd2) 31... Kb8 (31... Rg8 $142 {White must now prevent ...g4.} 32. Kg1 Qe8) 32. Kh1 $2 (32. Nd2) 32... Rg8 33. Bd2 $2 (33. Re1 Rxe1+ 34. Bxe1) 33... Rge8 $2 ({Black should try} 33... g4 $19 34. hxg4 Nxg4) 34. Na1 $2 {[%mdl 8192] [#]} (34. Bb4 $1 $11) 34... g4 $1 {[%mdl 512]} 35. hxg4 {[#]} Nh7 {Played: Nf6xg4} 0-1

[Event "FIDE Chesscom Grand Swiss 2019"]
[Site "Douglas-Isle of Man"]
[Date "2019.10.19"]
[Round "9.14"]
[White "Bluebaum, Matthias"]
[Black "Puranik, Abhimanyu"]
[Result "1/2-1/2"]
[WhiteElo "2643"]
[BlackElo "2571"]
[Annotator "ChessBase"]
[PlyCount "91"]
[EventDate "2019.10.10"]
[EventType "swiss"]
[EventCountry "GBR"]
[SourceTitle "playchess.com"]
[Source "ChessBase"]
[SourceQuality "1"]
[TimeControl "40/6000+30:20/3000+30:900+30"]

1. d4 {[%emt 0:00:00]} Nf6 {[%emt 0:00:00]} 2. c4 {[%emt 0:00:00]} g6 {[%emt 0:00:00]} 3. Nc3 {[%emt 0:00:00]} d5 {[%emt 0:00:01]} 4. cxd5 {[%emt 0:00:01]} Nxd5 {[%emt 0:00:03]} 5. e4 {[%emt 0:00:05]} Nxc3 {[%emt 0:00:12]} 6. bxc3 {[%emt 0:00:04]} Bg7 {[%emt 0:00:08]} 7. Bc4 {[%emt 0:00:11]} c5 {[%emt 0:00:23]} 8. Ne2 {[%emt 0:00:04]} Nc6 {[%emt 0:00:27]} 9. Be3 {[%emt 0:00:05]} O-O {[%emt 0:00:10]} 10. Rc1 {[%emt 0:00:03]} Na5 {[%emt 0:02:03]} 11. Bd3 {[%emt 0:00:51]} b6 {[%emt 0:01:11]} 12. O-O {[%emt 0:02:01]} Bb7 {[%emt 0:01:20]} 13. Qd2 {[%emt 0:06:43]} Rc8 {[%emt 0:01:16]} 14. d5 {[%emt 0:04:14]} e6 {[%emt 0:12:21]} 15. c4 {[%emt 0:06:08]} Qd7 {[%emt 0:05:06]} 16. Bh6 {[%emt 0:06:22]} Bxh6 {[%emt 0:10:09]} 17. Qxh6 {[%emt 0:00:03]} b5 {[%emt 0:05:09]} 18. Rfd1 {[%emt 0:09:32]} Nxc4 {[%emt 0:02:42]} 19. Bxc4 {[%emt 0:00:35]} bxc4 {[%emt 0:00:09]} 20. Nc3 {[%emt 0:02:12]} exd5 {[%emt 0:14:12]} 21. exd5 {[%emt 0:00:50]} Qf5 {[%emt 0:01:13]} 22. Qh4 {[%emt 0:05:00]} Rfe8 {[%emt 0:10:08]} 23. Qxc4 {[%emt 0:02:17]} Re5 {[%emt 0:08:48]} 24. h3 {[%emt 0:09:24]} Qd7 {[%emt 0:08:03]} 25. Rb1 {[%emt 0:11:49]} Ba8 {[%emt 0:06:29]} 26. Rb2 {[%emt 0:03:46]} Qe7 {[%emt 0:04:51]} 27. d6 {[%emt 0:06:09]} Qd7 {[%emt 0:05:04]} 28. Qf4 {[%emt 0:01:03]} Re6 {[%emt 0:04:00]} 29. h4 {[%emt 0:03:28]} h5 {[%emt 0:00:50]} 30. Kh2 {[%emt 0:04:25]} Rce8 {[%emt 0:01:57]} 31. f3 {[%emt 0:00:27]} Bc6 {[%emt 0:01:07]} 32. Rbd2 {[%emt 0:03:11]} Re5 {[%emt 0:01:54]} 33. Rd3 {[%emt 0:06:10]} Rf5 {[%emt 0:01:14]} 34. Qh6 {[%emt 0:01:27]} Rfe5 {[%emt 0:00:59]} 35. R1d2 {[%emt 0:03:02]} R5e6 {[%emt 0:01:36]} 36. Qf4 {[%emt 0:00:54]} Re5 {[%emt 0:00:22]} 37. Nd1 {[%emt 0:05:22]} Rf5 {[%emt 0:01:07]} 38. Qh6 {[%emt 0:01:03]} Rfe5 {[%emt 0:00:50]} 39. Nc3 {[%emt 0:03:15]} R5e6 {[%emt 0:05:03]} 40. Qf4 {[%emt 0:04:35]} Re5 {[%emt 0:00:00]} 41. Nd5 {[%emt 0:06:07]} Bxd5 {[%emt 0:00:00]} 42. Rxd5 {[%emt 0:00:01]} Rxd5 {[%emt 0:00:00]} 43. Rxd5 {[%emt 0:02:51]} Re6 {[%emt 0:06:00]} 44. Qd2 {[%emt 0:04:36]} c4 {[%emt 0:01:37]} 45. Qd4 {[%emt 0:04:25]} c3 {[%emt 0:01:31]} 46. Qxc3 {[%emt 0:01:37]} 1/2-1/2